[Event "Steinfurt Bezirksklasse 1415"]
[Site "Germany"]
[Date "2015.02.21"]
[Round "6.2"]
[White "Broeker, Sebastian"]
[Black "Lagemann, Stefan"]
[Result "0-1"]
[WhiteElo "1329"]
[BlackElo "1967"]
[PlyCount "86"]
[EventDate "2014.09.20"]
[EventType "team-tourn"]
[EventRounds "9"]
[EventCountry "GER"]
[SourceTitle "EXT 2016"]
[Source "ChessBase"]
[SourceDate "2015.10.08"]
[SourceVersion "1"]
[SourceVersionDate "2015.10.08"]
[SourceQuality "1"]
[WhiteTeam "Nordwalde II"]
[BlackTeam "Westerkappeln"]
[WhiteTeamCountry "GER"]
[BlackTeamCountry "GER"]

1. d4 Nf6 2. c4 c5 3. Nf3 cxd4 4. Nxd4 e5 5. Nc2 b5 6. cxb5 d5 7. e3 Bd6 8. Be2 0-0 9. 0-0 Be6 10. b3 Re8 11. Bb2 Nbd7 12. Nd2 Rc8 13. a4 Bb8 14. Nb4 e4 15. Nc6 Qc7 16. g3 Bh3 17. Re1 Qb7 18. f4 exf3 19. Bxf3 Bd6 20. Rc1 a6 21. Nc4 Bc5 22. Bxd5 Nxd5 23. Qxd5 Qc7 24. Be5 Nxe5 25. N4xe5 Ba3 26. Rcd1 Be6 27. Qd3 axb5 28. Qxb5 Bd6 29. Rd3 f6 30. Nc4 Bxg3 31. hxg3 Qxg3+ 32. Kf1 Qf3+ 33. Kg1 Qg3+ 34. Kf1 Bh3+ 35. Ke2 Bg4+ 36. Kf1 Bh3+ 37. Ke2 Bg4+ 38. Kf1 Qf3+ 39. Kg1 Rxc6 40. Nd2 Qg3+ 41. Kf1 Bh3+ 42. Ke2 Qg2+ 43. Kd1 Bg4+ 0-1

[Event "Steinfurt Bezirksklasse 1314"]
[Site "Germany"]
[Date "2014.03.15"]
[Round "6.2"]
[White "Broeker, Sebastian"]
[Black "Ortmeier, Leonhard"]
[Result "1/2-1/2"]
[WhiteElo "1423"]
[BlackElo "1417"]
[PlyCount "43"]
[EventDate "2013.10.05"]
[EventType "team-tourn"]
[EventRounds "9"]
[EventCountry "GER"]
[SourceTitle "EXT 2015"]
[Source "ChessBase"]
[SourceDate "2014.11.20"]
[SourceVersion "1"]
[SourceVersionDate "2014.11.20"]
[SourceQuality "1"]
[WhiteTeam "Nordwalde II"]
[BlackTeam "Emsdetten Turm IV"]
[WhiteTeamCountry "GER"]
[BlackTeamCountry "GER"]

1. e4 c5 2. Nf3 Nc6 3. Nc3 g6 4. Bc4 Bg7 5. d3 d6 6. h3 Nf6 7. Bd2 Bd7 8. Bf4 a6 9. a4 Rb8 10. 0-0 0-0 11. Qd2 Qc8 12. Rab1 Nd8 13. e5 dxe5 14. Nxe5 Ra8 15. Nxd7 Qxd7 16. Rfe1 Nc6 17. Ne4 Nxe4 18. Rxe4 Nd4 19. Bh6 Rad8 20. Rh4 Bf6 21. Re4 Rfe8 22. c3 1/2-1/2

[Event "Steinfurt Bezirksklasse 1314"]
[Site "Germany"]
[Date "2014.01.18"]
[Round "4.3"]
[White "Frerichs, Mirco"]
[Black "Broeker, Sebastian"]
[Result "1-0"]
[WhiteElo "1399"]
[BlackElo "1423"]
[PlyCount "33"]
[EventDate "2013.10.05"]
[EventType "team-tourn"]
[EventRounds "9"]
[EventCountry "GER"]
[SourceTitle "EXT 2015"]
[Source "ChessBase"]
[SourceDate "2014.11.20"]
[SourceVersion "1"]
[SourceVersionDate "2014.11.20"]
[SourceQuality "1"]
[WhiteTeam "Westerkappeln"]
[BlackTeam "Nordwalde II"]
[WhiteTeamCountry "GER"]
[BlackTeamCountry "GER"]

1. d4 Nf6 2. Nf3 e6 3. c4 d5 4. Nc3 c5 5. Bg5 dxc4 6. e4 cxd4 7. Nxd4 e5 8. Ndb5 Be7 9. Qxd8+ Bxd8 10. Nd6+ Kf8 11. Nxc8 Nc6 12. Nd6 b6 13. Bxc4 Be7 14. Bxf6 Bxf6 15. 0-0-0 Nd4 16. Rhe1 Rd8 17. Nxf7 1-0

[Event "Steinfurt Bezirksliga 1112"]
[Site "Germany"]
[Date "2012.03.31"]
[Round "7.2"]
[White "Broeker, Sebastian"]
[Black "Hartmann, Viktor"]
[Result "0-1"]
[WhiteElo "1438"]
[BlackElo "1737"]
[PlyCount "48"]
[EventDate "2011.10.01"]
[EventType "team-tourn"]
[EventRounds "9"]
[EventCountry "GER"]
[SourceTitle "EXT 2013"]
[Source "ChessBase"]
[SourceDate "2012.11.22"]
[SourceVersion "1"]
[SourceVersionDate "2012.11.22"]
[SourceQuality "1"]
[WhiteTeam "Nordwalde II"]
[BlackTeam "Ibbenbueren II"]
[WhiteTeamCountry "GER"]
[BlackTeamCountry "GER"]

1. d4 d5 2. c4 dxc4 3. e3 Nf6 4. Bxc4 c6 5. Nf3 g6 6. Nc3 Bg7 7. Qb3 0-0 8. Ng5 e6 9. h4 h6 10. Nf3 b5 11. Bd3 Nbd7 12. Qc2 Bb7 13. Ne2 Nd5 14. g4 Nb4 15. Qb1 Nxd3+ 16. Qxd3 c5 17. Rh3 c4 18. Qc2 Bxf3 19. Rxf3 Qxh4 20. Rg3 e5 21. d5 Nc5 22. Ng1 Nd3+ 23. Kf1 e4 24. f3 Qxg3 0-1

[Event "Muensterland Verbandsliga 0708"]
[Site "Germany"]
[Date "2008.01.12"]
[Round "5.7"]
[White "Althoff, Ralph"]
[Black "Broeker, Sebastian"]
[Result "1-0"]
[WhiteElo "1734"]
[BlackElo "1421"]
[PlyCount "37"]
[EventDate "2007.09.08"]
[EventType "team"]
[EventRounds "9"]
[EventCountry "GER"]
[SourceTitle "EXT 2009"]
[Source "ChessBase"]
[SourceDate "2008.11.26"]
[SourceVersion "1"]
[SourceVersionDate "2008.11.26"]
[SourceQuality "1"]
[WhiteTeam "Olfen"]
[BlackTeam "Nordwalde"]
[WhiteTeamCountry "GER"]
[BlackTeamCountry "GER"]

1. e4 e6 2. d4 d5 3. e5 c5 4. c3 Nc6 5. Nf3 Qb6 6. Bd3 cxd4 7. cxd4 Bb4+ 8. Nc3 Bd7 9. 0-0 Nxd4 10. Nxd4 Qxd4 11. Nb5 Qxe5 12. Qg4 Bd6 13. Nxd6+ Qxd6 14. Qxg7 0-0-0 15. Qxh8 e5 16. Bg5 f6 17. Bh4 e4 18. Rac1+ Kb8 19. Bg3 1-0

[Event "Steinfurt Bezirksliga 0708"]
[Site "Germany"]
[Date "2007.12.01"]
[Round "4.4"]
[White "Broeker, Sebastian"]
[Black "Ottens, Josef"]
[Result "1/2-1/2"]
[WhiteElo "1421"]
[BlackElo "1448"]
[PlyCount "40"]
[EventDate "2007.09.22"]
[EventType "team-tourn"]
[EventRounds "9"]
[EventCountry "GER"]
[SourceTitle "EXT 2009"]
[Source "ChessBase"]
[SourceDate "2008.11.26"]
[SourceVersion "1"]
[SourceVersionDate "2008.11.26"]
[SourceQuality "1"]
[WhiteTeam "Nordwalde II"]
[BlackTeam "Steinfurt III"]
[WhiteTeamCountry "GER"]
[BlackTeamCountry "GER"]

1. d4 d5 2. c4 Nf6 3. Bf4 e6 4. e3 Bb4+ 5. Nc3 0-0 6. Nf3 c5 7. Qc2 Qa5 8. a3 Ne4 9. Rc1 Bxc3+ 10. bxc3 Qxa3 11. cxd5 exd5 12. Bd3 c4 13. Bxe4 dxe4 14. Nd2 f5 15. Nxc4 Qa6 16. Nd6 Be6 17. Qb2 b6 18. Ra1 Qd3 19. Rd1 Qa6 20. Ra1 Qd3 1/2-1/2

[Event "Steinfurt Bezirksliga 0607"]
[Site "Germany"]
[Date "2007.03.03"]
[Round "7.4"]
[White "Gerighausen, Karl Heinz"]
[Black "Broeker, Sebastian"]
[Result "0-1"]
[WhiteElo "1790"]
[BlackElo "1241"]
[PlyCount "100"]
[EventDate "2006.09.09"]
[EventType "team-tourn"]
[EventRounds "9"]
[EventCountry "GER"]
[SourceTitle "EXT 2008"]
[Source "ChessBase"]
[SourceDate "2007.11.25"]
[SourceVersion "1"]
[SourceVersionDate "2007.11.25"]
[SourceQuality "1"]
[WhiteTeam "Ibbenbueren II"]
[BlackTeam "Nordwalde II"]
[WhiteTeamCountry "GER"]
[BlackTeamCountry "GER"]

1. e4 e6 2. d4 d5 3. exd5 exd5 4. Bd3 Nf6 5. Bf4 Be7 6. h3 0-0 7. Qf3 Re8 8. Ne2 Nbd7 9. 0-0 Nf8 10. Be5 Ng6 11. Bxg6 fxg6 12. Ng3 Rf8 13. Qd3 Be6 14. Nd2 Qd7 15. Kh2 g5 16. Rae1 g4 17. h4 Ne8 18. Re2 Bxh4 19. Rfe1 Bxg3+ 20. Qxg3 Qc6 21. Nb3 Bf5 22. c3 Be4 23. Qxg4 Rf5 24. Nc5 Qh6+ 25. Kg1 Rg5 26. Qe6+ Qxe6 27. Nxe6 Rxg2+ 28. Kf1 Rg4 29. Re3 Bf5 30. Nxc7 Nxc7 31. Bxc7 Bd7 32. Re7 Bb5+ 33. R1e2 Bxe2+ 34. Kxe2 Re4+ 35. Rxe4 dxe4 36. Ke3 h5 37. Kxe4 h4 38. Kf5 Kf7 39. d5 h3 40. Bg3 Rd8 41. c4 Ke7 42. Ke5 Rf8 43. f4 Rh8 44. Bh2 Rh5+ 45. Ke4 Rh6 46. f5 Rb6 47. b3 Ra6 48. a4 Rb6 49. a5 Rxb3 50. a6 b6 0-1

[Event "Steinfurt Bezirksliga 0607"]
[Site "Germany"]
[Date "2006.09.30"]
[Round "2.3"]
[White "Huesmann, Stephan"]
[Black "Broeker, Sebastian"]
[Result "1-0"]
[WhiteElo "1585"]
[BlackElo "1241"]
[PlyCount "73"]
[EventDate "2006.09.09"]
[EventType "team-tourn"]
[EventRounds "9"]
[EventCountry "GER"]
[SourceTitle "EXT 2008"]
[Source "ChessBase"]
[SourceDate "2007.11.25"]
[SourceVersion "1"]
[SourceVersionDate "2007.11.25"]
[SourceQuality "1"]
[WhiteTeam "Rheine Klein Berlin II"]
[BlackTeam "Nordwalde II"]
[WhiteTeamCountry "GER"]
[BlackTeamCountry "GER"]

1. e4 e6 2. d4 d5 3. Nd2 c5 4. exd5 cxd4 5. dxe6 fxe6 6. Qh5+ g6 7. Qe5 Nf6 8. Ngf3 Bg7 9. Qxd4 Qxd4 10. Nxd4 0-0 11. Bc4 Nd5 12. Nb5 Na6 13. 0-0 Bd7 14. Nd6 Nc5 15. Re1 Bd4 16. Nf3 Bf6 17. Bh6 Bxb2 18. Rab1 Bc3 19. Red1 Rf6 20. Ng5 Be5 21. Bxd5 exd5 22. Nxb7 Nxb7 23. Rxb7 Rd6 24. Nf3 Bg7 25. Bxg7 Kxg7 26. Ne5 Rd8 27. Rxa7 Kf6 28. f4 Bf5 29. Rd2 Rc8 30. c4 d4 31. Rf7+ Ke6 32. g4 Be4 33. g5 d3 34. Rf6+ Ke7 35. Rxd6 Kxd6 36. Nxd3 Bxd3 37. Rxd3+ 1-0

[Event "Steinfurt Bezirksklasse 0506"]
[Site "Germany"]
[Date "2006.04.01"]
[Round "7.5"]
[White "Hillen, Thomas"]
[Black "Broeker, Sebastian"]
[Result "1-0"]
[WhiteElo "1497"]
[BlackElo "1241"]
[PlyCount "69"]
[EventDate "2005.09.10"]
[EventType "team-tourn"]
[EventRounds "7"]
[EventCountry "GER"]
[SourceTitle "EXT 2006"]
[Source "ChessBase"]
[SourceDate "2005.11.24"]
[SourceVersion "1"]
[SourceVersionDate "2005.11.24"]
[SourceQuality "1"]
[WhiteTeam "Emsdetten Rochade III"]
[BlackTeam "Nordwalde II"]
[WhiteTeamCountry "GER"]
[BlackTeamCountry "GER"]

1. Nf3 Nf6 2. d4 e6 3. Bf4 d5 4. e3 c5 5. Bb5+ Bd7 6. Bxd7+ Nbxd7 7. c3 Qb6 8. Qc2 cxd4 9. exd4 Rc8 10. 0-0 g6 11. Ne5 Qxd4 12. Nxd7 Nxd7 13. Be3 Qg4 14. Bd4 Rg8 15. Nd2 Bd6 16. Nf3 h5 17. Qd3 h4 18. h3 Qh5 19. Rfe1 g5 20. Nh2 Bxh2+ 21. Kxh2 g4 22. Re3 Qg5 23. Rg1 Nc5 24. Qb5+ Nd7 25. hxg4 Qf4+ 26. Kh1 Rxg4 27. Qxd5 Rc6 28. Qh5 Ke7 29. Rf3 Rg5 30. Qh7 Qd2 31. Rxf7+ Ke8 32. Re7+ Kd8 33. Rxd7+ Kc8 34. Rf7 Rd6 35. Rxb7 1-0

[Event "Muensterland Verbandsklasse-A 0506"]
[Site "Germany"]
[Date "2006.02.11"]
[Round "6.8"]
[White "Nagel, Enno"]
[Black "Broeker, Sebastian"]
[Result "1-0"]
[WhiteElo "1599"]
[BlackElo "1241"]
[PlyCount "25"]
[EventDate "2005.09.03"]
[EventType "team"]
[EventRounds "9"]
[EventCountry "GER"]
[SourceTitle "EXT 2006"]
[Source "ChessBase"]
[SourceDate "2005.11.24"]
[SourceVersion "1"]
[SourceVersionDate "2005.11.24"]
[SourceQuality "1"]
[WhiteTeam "Heiden II"]
[BlackTeam "Nordwalde"]
[WhiteTeamCountry "GER"]
[BlackTeamCountry "GER"]

1. e4 e6 2. d4 d5 3. Nc3 Bb4 4. e5 c5 5. a3 cxd4 6. Qg4 Bf8 7. Nb5 Nc6 8. Nf3 f6 9. Qg3 fxe5 10. Nxe5 Bd6 11. Bf4 Nf6 12. Qxg7 Rf8 13. Nxc6 1-0

[Event "Steinfurt Bezirksklasse 0405"]
[Site "Germany"]
[Date "2005.05.28"]
[Round "11.5"]
[White "Broeker, Sebastian"]
[Black "Schneider, Karl Heinz"]
[Result "1/2-1/2"]
[WhiteElo "1191"]
[BlackElo "1388"]
[PlyCount "37"]
[EventDate "2004.09.18"]
[EventType "team-tourn"]
[EventRounds "11"]
[EventCountry "GER"]
[SourceTitle "EXT 2006"]
[Source "ChessBase"]
[SourceDate "2005.11.24"]
[SourceVersion "1"]
[SourceVersionDate "2005.11.24"]
[SourceQuality "1"]
[WhiteTeam "Nordwalde III"]
[BlackTeam "Reckenfeld II"]
[WhiteTeamCountry "GER"]
[BlackTeamCountry "GER"]

1. d4 d5 2. c4 c6 3. Nc3 Nf6 4. Nf3 h6 5. Bf4 e6 6. e3 Bb4 7. Ne5 Nbd7 8. Qf3 Nxe5 9. Bxe5 0-0 10. g4 Ne4 11. Rc1 f6 12. Bg3 Ng5 13. Qe2 Qa5 14. h4 Ne4 15. Qd3 Nxg3 16. fxg3 Bxc3+ 17. bxc3 e5 18. g5 e4 19. Qe2 1/2-1/2

[Event "Steinfurt Bezirksklasse 0405"]
[Site "Germany"]
[Date "2005.01.29"]
[Round "6.5"]
[White "Limberg, Johannes"]
[Black "Broeker, Sebastian"]
[Result "1-0"]
[WhiteElo "1415"]
[BlackElo "1191"]
[PlyCount "39"]
[EventDate "2004.09.18"]
[EventType "team-tourn"]
[EventRounds "11"]
[EventCountry "GER"]
[SourceTitle "EXT 2006"]
[Source "ChessBase"]
[SourceDate "2005.11.24"]
[SourceVersion "1"]
[SourceVersionDate "2005.11.24"]
[SourceQuality "1"]
[WhiteTeam "Rheine SG"]
[BlackTeam "Nordwalde III"]
[WhiteTeamCountry "GER"]
[BlackTeamCountry "GER"]

1. e4 e6 2. Nc3 d5 3. exd5 exd5 4. Bb5+ c6 5. Ba4 Nf6 6. h3 Be6 7. d4 Bd6 8. Nf3 Nbd7 9. Bg5 0-0 10. 0-0 b5 11. Bb3 Qc7 12. Qd3 g6 13. Rae1 Bf5 14. Qd2 Rfe8 15. Bxf6 Nxf6 16. Qg5 Ne4 17. Nxe4 dxe4 18. Nh4 Bf4 19. Qf6 Qd8 20. Bxf7+ 1-0